| 000 | 00966nam a22002537a 4500 | ||
|---|---|---|---|
| 999 |
_c19807 _d19807 |
||
| 003 | AR-CdUCM | ||
| 008 | 190308b ||||| |||| 00| 0 spa d | ||
| 040 |
_aMUNICIPALIDAD PROVINCIAL DEL CUSCO _cBIBLIOTECA MUNICIPAL DEL CUSCO |
||
| 041 | _hale | ||
| 082 |
_a335.4 / _bM26 |
||
| 100 |
_aMarx, Carlos _92702 |
||
| 245 |
_aLa sagrada familia : _bcritica de la critica critica (contra Bruno Bauer y Consortes) y la critica Moralizante o la moral liacho / |
||
| 260 |
_aBuenos Aires : _bClaridad, _c1938. |
||
| 300 |
_a314 páginas ; _c17 cm. |
||
| 440 |
_aCultura socialista _941426 |
||
| 505 | _aContenido: La critica critica en la figura de un maestro encuadernador, o la critica bajo los rasgos del señor Reichardt... | ||
| 650 |
_aSagrada familia _914000 |
||
| 650 |
_aDialectica _95490 |
||
| 650 |
_aFilosofía _9395 |
||
| 700 |
_aEngels, Federico _95460 |
||
| 700 |
_aMehring, Franz (prologo) _941427 |
||
| 942 |
_2ddc _cLIBROS |
||
| 945 |
_adavv _d2019-05-22 |
||